MESTSKÁ KNIŽNICA GIRALTOVCE  - online katalóg 

Podmorské divy sveta (Record no. 23003)

000 -NÁVESTIE
fixed length control field 02419aam a2200625 a 4500
001 - EVIDENČNÉ ČÍSLO ZÁZNAMU - Kontrolné číslo
control field vtls001560300
005 - DÁTUM A ČAS POSLEDNEJ TRANSAKCIE
control field 20211109091811.0
008 - ÚDAJE S PEVNOU DĹŽKOU – VŠEOBECNÉ INFORMÁCIE
fixed length control field 171201e2004 xo o 00100 slo c
020 ## - MEDZINÁRODNÉ ŠTANDARDNÉ ČÍSLO KNIHY (ISBN)
Medzinárodné štandardné číslo knihy (ISBN) 9788071811275
Qualifying information (viaz.)
020 ## - MEDZINÁRODNÉ ŠTANDARDNÉ ČÍSLO KNIHY (ISBN)
Medzinárodné štandardné číslo knihy (ISBN) 8071811270
035 ## - Iný štandardný identifikátor
Iný štandardný identifikátor VTK41644
040 ## - ZDROJ KATALOGIZÁCIE
Pôvodná katalogizujúca agentúra VTHK
Jazyk katalogizácie slo
Prepisujúca agentúra VTHK
Modifikujúca agentúra SVKBB
Konvencie popisu AACR2
041 1# - KÓD JAZYKA
Kód jazyka textu/zvukovej stopy alebo samostatných nápisov slo
Kód jazyka originálu a/alebo sprostredkujúcich prekladov textu eng
044 ## - KÓD KRAJINY VYDAVATEĽA/PRODUCENTA
Kód krajiny MARC xo
Kód krajiny ISO SK
072 #7 - KÓD PREDMETOVEJ KATEGÓRIE
Kód predmetovej kategórie 797
Pododdiel kódu predmetovej kategórie Vodné športy. Letecké športy
Zdroj konspekt
080 ## - ČÍSLO MEDZINÁRODNÉHO DESATINNÉHO TRIEDENIA (MDT)
Číslo Medzinárodného desatinného triedenia (MDT) 592/599(26)
Identifikátor vydania 2001
080 ## - ČÍSLO MEDZINÁRODNÉHO DESATINNÉHO TRIEDENIA (MDT)
Číslo Medzinárodného desatinného triedenia (MDT) 551.35
Identifikátor vydania 2001
080 ## - ČÍSLO MEDZINÁRODNÉHO DESATINNÉHO TRIEDENIA (MDT)
Číslo Medzinárodného desatinného triedenia (MDT) 582(26)
Identifikátor vydania 2001
080 ## - ČÍSLO MEDZINÁRODNÉHO DESATINNÉHO TRIEDENIA (MDT)
Číslo Medzinárodného desatinného triedenia (MDT) 797.215
Identifikátor vydania 2001
080 ## - ČÍSLO MEDZINÁRODNÉHO DESATINNÉHO TRIEDENIA (MDT)
Číslo Medzinárodného desatinného triedenia (MDT) 913:797.215
Identifikátor vydania 2001
080 ## - ČÍSLO MEDZINÁRODNÉHO DESATINNÉHO TRIEDENIA (MDT)
Číslo Medzinárodného desatinného triedenia (MDT) (084.12)
Identifikátor vydania 2001
080 ## - ČÍSLO MEDZINÁRODNÉHO DESATINNÉHO TRIEDENIA (MDT)
Číslo Medzinárodného desatinného triedenia (MDT) (0.062)
Identifikátor vydania 2001
240 10 - UNIFIKOVANÝ NÁZOV
Unifikovaný názov Best Dive Sites of the World
Jazyk diela Slovensky
245 10 - NÁZOV
Názov Podmorské divy sveta
Zvyšok názvu najlepšie miesta na potápanie
Údaj o zodpovednosti atď. Editor: Egidio Trainito ; text a fotografie: Kurt Amsler ... [et al. ; z anglického originálu preložili Václav Hruška, Ján Ripka, Soňa Ripková ; zostavil Egidio Trainito ; ilustrácie Dimitilla Muller]
250 ## - ÚDAJ O PORADÍ VYDANIA
Údaj o poradí vydania 1. vyd.
260 ## - VYDAVATEĽSKÉ ÚDAJE, DISTRIBÚCIA ATĎ.
Miesto publikovania, distribúcie atď. Praha
Názov vydavateľa, distibútora atď. Ottovo nakladatelství
Dátum publikovania, distribúcie atď. 2004
300 ## - FYZICKÝ POPIS
Rozsah 299 s.
Ďalšie fyzické detaily reg.
Rozmery 30 cm
500 ## - VŠEOBECNÁ POZNÁMKA
Formátovaná poznámka o obsahu Preložené z angličtiny
650 07 - PRIDANÝ VSTUP – PREDMET – TEMATICKÉ HESLO
Tematické heslo alebo geografický názov ako vstupný prvok morské živočíchy
Zdroj hesla alebo termínu SNKPH
-- 2326
650 07 - PRIDANÝ VSTUP – PREDMET – TEMATICKÉ HESLO
Tematické heslo alebo geografický názov ako vstupný prvok morské sedimenty
Zdroj hesla alebo termínu SNKPH
-- 2327
650 07 - PRIDANÝ VSTUP – PREDMET – TEMATICKÉ HESLO
Tematické heslo alebo geografický názov ako vstupný prvok morské rastliny
Zdroj hesla alebo termínu SNKPH
-- 2328
650 07 - PRIDANÝ VSTUP – PREDMET – TEMATICKÉ HESLO
Tematické heslo alebo geografický názov ako vstupný prvok potápanie
Zdroj hesla alebo termínu SNKPH
-- 2329
650 07 - PRIDANÝ VSTUP – PREDMET – TEMATICKÉ HESLO
Tematické heslo alebo geografický názov ako vstupný prvok potápačské lokality
Zdroj hesla alebo termínu SVKBBPH
-- 2330
650 07 - PRIDANÝ VSTUP – PREDMET – TEMATICKÉ HESLO
Tematické heslo alebo geografický názov ako vstupný prvok Sea animals
Zdroj hesla alebo termínu SNKPHeng
-- 2331
650 07 - PRIDANÝ VSTUP – PREDMET – TEMATICKÉ HESLO
Tematické heslo alebo geografický názov ako vstupný prvok Marine sediments
Zdroj hesla alebo termínu SNKPHeng
-- 2332
650 07 - PRIDANÝ VSTUP – PREDMET – TEMATICKÉ HESLO
Tematické heslo alebo geografický názov ako vstupný prvok Sea plants
Zdroj hesla alebo termínu SNKPHeng
-- 2333
650 07 - PRIDANÝ VSTUP – PREDMET – TEMATICKÉ HESLO
Tematické heslo alebo geografický názov ako vstupný prvok Diving
Zdroj hesla alebo termínu SNKPHeng
-- 2334
650 07 - PRIDANÝ VSTUP – PREDMET – TEMATICKÉ HESLO
Tematické heslo alebo geografický názov ako vstupný prvok Dive sites
Zdroj hesla alebo termínu SVKBBPHeng
-- 2335
655 #7 - INDEXAČNÝ TERMÍN – ŽÁNER/FORMA
Údaje o žánri/forme alebo termín, ktorý je prvok fazety fotografické publikácie
Zdroj termínu SNKPH
-- 1846
655 #7 - INDEXAČNÝ TERMÍN – ŽÁNER/FORMA
Údaje o žánri/forme alebo termín, ktorý je prvok fazety populárno-náučné publikácie
Zdroj termínu SNKPH
-- 1486
655 #7 - INDEXAČNÝ TERMÍN – ŽÁNER/FORMA
Údaje o žánri/forme alebo termín, ktorý je prvok fazety Photographical works
Zdroj termínu SNKPHeng
-- 2336
655 #7 - INDEXAČNÝ TERMÍN – ŽÁNER/FORMA
Údaje o žánri/forme alebo termín, ktorý je prvok fazety Popular works
Zdroj termínu SNKPHeng
-- 1487
700 1# - PRIDANÝ VSTUP – OSOBNÉ MENO
Osobné meno Trainito, Egidio,
Dátumy súvisiace s menom 1947-
Kód roly aut
-- com
-- pht
-- 2337
700 1# - PRIDANÝ VSTUP – OSOBNÉ MENO
Osobné meno Amsler, Kurt,
Dátumy súvisiace s menom 1946-
Kód roly aut
-- pht
-- 2338
700 1# - PRIDANÝ VSTUP – OSOBNÉ MENO
Osobné meno De Sabata, Eleonora
Kód roly aut
-- pht
-- 2339
700 1# - PRIDANÝ VSTUP – OSOBNÉ MENO
Osobné meno Mesturini, Giorgio
Kód roly aut
-- pht
-- 2340
700 1# - PRIDANÝ VSTUP – OSOBNÉ MENO
Osobné meno Paolillo, Vincenzo
Kód roly aut
-- pht
-- 2341
700 1# - PRIDANÝ VSTUP – OSOBNÉ MENO
Osobné meno Rinaldi, Roberto
Kód roly aut
-- pht
-- 2342
700 1# - PRIDANÝ VSTUP – OSOBNÉ MENO
Osobné meno Hruška, Václav
Kód roly trl
-- 2343
700 1# - PRIDANÝ VSTUP – OSOBNÉ MENO
Osobné meno Ripka, Ján
Kód roly trl
-- 2344
700 1# - PRIDANÝ VSTUP – OSOBNÉ MENO
Osobné meno Ripková, Soňa
Kód roly trl
-- 2345
700 1# - PRIDANÝ VSTUP – OSOBNÉ MENO
Osobné meno Muller, Dimitilla
Kód roly ill
-- 2346
850 ## - Držiteľská inštitúcia
LOKÁCIA (UMIESTNENIE) KIS3GMM
Holdings
Stav stiahnutia (Blokovanie) (Withrawn status) Stav straty Zdroj klasifikácie pre skladovanie Stav poškodenia (Damaged status) Nie pre výpožičky (Not for loan) Spôsob nadobudnutia (Collection code) Trvalé umiestnenie Aktuálne umiestnenie Dátum nadobudnutia Inventárne číslo (prírastkové číslo) Full call number Čiarový kód Dátum posledného výskytu Cena s účinnosťou od Typ jednotky Koha
          Dar Mestská knižnica Giraltovce Mestská knižnica Giraltovce 2021-11-09 21354 V366 V366 2021-11-09 2021-11-09 Odborná literatúra pre dospelých

Powered by Koha